| 000 | 00828cam a22002773a 4500 | ||
|---|---|---|---|
| 001 | 21723 | ||
| 003 | PGUSA | ||
| 005 | 20140828083449.0 | ||
| 008 | 070606s2007||||xxu|||||s|||||000 | eng d | ||
| 040 |
_aPGUSA _beng |
||
| 042 | _adc | ||
| 050 | 4 | _aPS | |
| 245 | 1 | 0 |
_aSongs of the Cattle Trail and Cow Camp _h[electronic resource] |
| 260 |
_bProject Gutenberg, _c2007 |
||
| 500 | _aWithout music. | ||
| 506 | _aPublic domain in the USA. | ||
| 516 | _aElectronic text | ||
| 653 | _aBallads, English -- West (U.S.) -- Texts | ||
| 653 | _aSongs, English -- West (U.S.) -- Texts | ||
| 653 | _aCowboys -- Songs and music | ||
| 700 | 1 |
_aPhelps, William Lyon, _d1865-1943 |
|
| 700 | 1 |
_aLomax, John Avery, _d1867-1948 |
|
| 830 | 0 |
_aProject Gutenberg _v21723 |
|
| 856 | 4 | 0 | _uhttp://www.gutenberg.org/ebooks/21723 |
| 942 | _cEB | ||
| 999 |
_c250978 _d250978 |
||